| 000 | 00916nam a22001937a 4500 | ||
|---|---|---|---|
| 999 |
_c62831 _d62831 |
||
| 003 | Ge_BSU | ||
| 005 | 20250306102403.0 | ||
| 008 | 250306s1938 ge ||||| |||| 00| 0 geo d | ||
| 041 | _ageo | ||
| 080 | _a616.8(075.32) მ-77 | ||
| 100 |
_aმიხეევი, ვ.ვ. _924462 |
||
| 245 |
_aნერვულ სნეულებათა სახელმძღვანელო / _cვ.ვ. მიხეევი. |
||
| 264 |
_aთბილისი : _b საქართველოს ბიომედგამი, _c1938. |
||
| 300 |
_a269 გვ. : _b სურ. ; _c24 სმ. |
||
| 490 | _aსახელმძღვანელოები სამედიცინო საშუალო სასწავლებლებისათვის | ||
| 653 | _aნერვული სნეულებებეი | ||
| 653 | _aმედიცინა | ||
| 942 |
_2udc _cᲬᲘᲒᲜᲘ |
||